[Event "Aeroflot Open A 2019"]
[Site "Moscow RUS"]
[Date "2019.02.23"]
[Round "5"]
[White "Wei, Yi"]
[Black "Zhou, Jianchao"]
[Result "1/2-1/2"]
[WhiteElo "2733"]
[BlackElo "2615"]
[PlyCount "52"]
[EventDate "2019.02.20"]

1. d4 d5 2. c4 c6 3. Nf3 Nf6 4. Nc3 dxc4 5. a4 e6 6. e3 c5 7. Bxc4 Nc6 8. O-O
cxd4 9. Nxd4 Bd7 10. e4 Nxd4 11. Qxd4 Bc6 12. Qe3 a6 13. Rd1 Qc7 14. Qe2 Be7
15. Bg5 Rd8 16. Rxd8+ Qxd8 17. Rd1 Qa5 18. Nd5 Nxd5 19. exd5 Bxg5 20. dxc6 bxc6
21. Qe4 O-O 22. Qxc6 Qb4 23. Bxa6 Qxb2 24. Qc5 Rd8 25. Rxd8+ Bxd8 26. Qc6 Qb4
1/2-1/2

[Event "Aeroflot Open A 2019"]
[Site "Moscow RUS"]
[Date "2019.02.23"]
[Round "5"]
[White "Fedoseev, Vladimir3"]
[Black "Tabatabaei, M.amin"]
[Result "0-1"]
[WhiteElo "2715"]
[BlackElo "2590"]
[PlyCount "68"]
[EventDate "2019.02.20"]

1. d4 Nf6 2. Bg5 d5 3. e3 c5 4. c3 Nc6 5. Nd2 e6 6. Ngf3 h6 7. Bh4 Be7 8. Bd3
b6 9. Ne5 Nxe5 10. dxe5 Nd7 11. Bxe7 Qxe7 12. f4 Bb7 13. Qe2 g5 14. a4 Rg8 15.
g3 O-O-O 16. Rf1 Kb8 17. a5 c4 18. Bc2 g4 19. axb6 axb6 20. b3 f6 21. bxc4 fxe5
22. cxd5 exd5 23. Nb3 Rc8 24. Kd2 exf4 25. gxf4 d4 26. Nxd4 Qc5 27. c4 g3 28.
hxg3 Rxg3 29. Bd3 Qb4+ 30. Kc2 Re8 31. Qd2 Qxd2+ 32. Kxd2 Rexe3 33. Bc2 Be4 34.
Nf3 Rexf3 0-1

[Event "Aeroflot Open A 2019"]
[Site "Moscow RUS"]
[Date "2019.02.23"]
[Round "5"]
[White "Donchenko, Alexander"]
[Black "Wang, Hao"]
[Result "1/2-1/2"]
[WhiteElo "2600"]
[BlackElo "2714"]
[PlyCount "113"]
[EventDate "2019.02.20"]

1. Nf3 Nf6 2. c4 g6 3. Nc3 Bg7 4. e4 O-O 5. d4 d6 6. Be2 e5 7. Be3 h6 8. h3
exd4 9. Nxd4 Re8 10. Qc2 Qe7 11. Bf3 c5 12. Nde2 Be6 13. b3 Nc6 14. Qd2 g5 15.
g3 a6 16. Rd1 Rad8 17. Bg2 b5 18. cxb5 axb5 19. O-O b4 20. Nd5 Bxd5 21. exd5
Ne5 22. Qc2 Ng6 23. Rde1 Ne4 24. Bc1 f5 25. Kh2 Qf7 26. f4 gxf4 27. Nxf4 Nxf4
28. Rxf4 Qxd5 29. Bxe4 Rxe4 30. Rexe4 fxe4 31. Rxe4 Rf8 32. Bf4 Qf5 33. Bxd6
Qf2+ 34. Qxf2 Rxf2+ 35. Kg1 Rxa2 36. Bxc5 Rc2 37. Bd6 Rd2 38. Bf4 Rd1+ 39. Kg2
Bc3 40. Bxh6 Rb1 41. Bf4 Rb2+ 42. Kf3 Rxb3 43. Kg4 Kf7 44. Be5 Bd2 45. Bd6 Rb1
46. Bf4 Bc3 47. Be5 Re1 48. Rxe1 Bxe1 49. Kf3 b3 50. g4 Kg6 51. Ke2 Bg3 52. Bd4
Kg5 53. Kd3 Kh4 54. Kc3 Bf4 55. Kxb3 Kxh3 56. Kc4 Kxg4 57. Kc3 1/2-1/2

[Event "Aeroflot Open A 2019"]
[Site "Moscow RUS"]
[Date "2019.02.23"]
[Round "5"]
[White "Mamedov, Rauf"]
[Black "Petrosian, Tigran L"]
[Result "1/2-1/2"]
[WhiteElo "2703"]
[BlackElo "2595"]
[PlyCount "120"]
[EventDate "2019.02.20"]

1. e4 e5 2. Bc4 Nf6 3. d3 Nc6 4. Nf3 Bc5 5. c3 O-O 6. O-O d6 7. Re1 h6 8. Nbd2
a6 9. Bb3 Re8 10. Nf1 Be6 11. Bxe6 fxe6 12. d4 Bb6 13. Be3 Ng4 14. dxe5 Bxe3
15. Nxe3 Ngxe5 16. Nxe5 Nxe5 17. f4 Nd7 18. Rf1 Rf8 19. Qd4 Qe7 20. Rad1 Kh8
21. e5 d5 22. c4 c5 23. Qd3 d4 24. Nc2 g5 25. Qg6 gxf4 26. Qxh6+ Qh7 27. Qxe6
Rae8 28. Qd6 Nxe5 29. Rde1 Qf5 30. Kh1 Nd3 31. Rxe8 Rxe8 32. b4 Ne5 33. Ne1
Nxc4 34. Qh6+ Kg8 35. bxc5 Nd2 36. Rg1 Ne4 37. Rf1 Nd2 38. Rg1 Ne4 39. Rf1 Re7
40. Rxf4 Nf2+ 41. Kg1 Ng4 42. Rxf5 Rxe1+ 43. Rf1 Rxf1+ 44. Kxf1 Nxh6 45. Ke2
Kf7 46. Kd3 Nf5 47. g4 Nh4 48. Kxd4 Nf3+ 49. Kd5 Ke7 50. c6 b6 51. h3 Nh4 52.
g5 Ng6 53. c7 Kd7 54. c8=Q+ Kxc8 55. Kc6 b5 56. Kb6 Kd7 57. Kxa6 Kc6 58. a3 Nh4
59. Ka5 Kc5 60. Ka6 Kc6 1/2-1/2

[Event "Aeroflot Open A 2019"]
[Site "Moscow RUS"]
[Date "2019.02.23"]
[Round "5"]
[White "Kovalev, Vladislav"]
[Black "Aravindh, Chithambaram VR"]
[Result "1-0"]
[WhiteElo "2703"]
[BlackElo "2601"]
[PlyCount "113"]
[EventDate "2019.02.20"]

1. e4 c5 2. Nf3 d6 3. Bb5+ Bd7 4. Bxd7+ Qxd7 5. c4 g6 6. Nc3 Bg7 7. d4 cxd4 8.
Nxd4 Nc6 9. Be3 Nf6 10. f3 O-O 11. Rc1 a6 12. Na4 Rab8 13. Nxc6 Qxc6 14. O-O b5
15. cxb5 Qxb5 16. b3 Rfc8 17. Qd2 Nd7 18. Rc2 Rxc2 19. Qxc2 Nf8 20. Rc1 Ne6 21.
Nc3 Bxc3 22. Qxc3 f6 23. Qc4 Kf7 24. Rc2 Qa5 25. Kf2 Qh5 26. Qxa6 Qh4+ 27. Kf1
Qxh2 28. Qc4 g5 29. Qd5 Rg8 30. Qf5 Qh1+ 31. Kf2 Qh4+ 32. Ke2 g4 33. f4 Qh1 34.
Qd5 Qxg2+ 35. Kd3 Qf1+ 36. Kd2 Qg2+ 37. Kd3 Qf1+ 38. Kd2 Qg2+ 39. Kc1 Qg3 40.
Kd2 Qg2+ 41. Kc1 Qf3 42. Bd2 Qf1+ 43. Kb2 Qg1 44. Rc4 Qf2 45. Kc2 Qa7 46. a4 g3
47. f5 g2 48. Qxe6+ Kg7 49. e5 Kh8 50. exf6 g1=Q 51. fxe7 Qaf2 52. e8=Q Rxe8
53. Qxe8+ Qg8 54. Qd7 Qe2 55. Rc8 Qe4+ 56. Kc1 Qh1+ 57. Kb2 1-0

[Event "Aeroflot Open A 2019"]
[Site "Moscow RUS"]
[Date "2019.02.24"]
[Round "6"]
[White "Antipov, Mikhail Al"]
[Black "Wei, Yi"]
[Result "0-1"]
[WhiteElo "2589"]
[BlackElo "2733"]
[PlyCount "44"]
[EventDate "2019.02.20"]

1. b3 e5 2. Bb2 Nc6 3. e3 g6 4. h4 Nf6 5. Bb5 Qe7 6. Nf3 e4 7. Ng5 Bg7 8. Nc3
O-O 9. h5 d5 10. hxg6 fxg6 11. Bxc6 bxc6 12. Qe2 Bg4 13. Qa6 Nh5 14. Nh3 Qe6
15. Rf1 Be5 16. Na4 Bxb2 17. Nxb2 Qe5 18. c3 Qh2 19. Nf4 Rxf4 20. exf4 Nxf4 21.
f3 exf3 22. gxf3 Bc8 0-1

[Event "Aeroflot Open A 2019"]
[Site "Moscow RUS"]
[Date "2019.02.24"]
[Round "6"]
[White "Gordievsky, Dmitry"]
[Black "Fedoseev, Vladimir3"]
[Result "1/2-1/2"]
[WhiteElo "2603"]
[BlackElo "2715"]
[PlyCount "95"]
[EventDate "2019.02.20"]

1. c4 Nf6 2. Nc3 e5 3. Nf3 e4 4. Ng5 b5 5. cxb5 d5 6. d4 Bd6 7. Nh3 a6 8. e3
Bxh3 9. gxh3 axb5 10. Nxb5 Be7 11. Bg2 O-O 12. Bd2 c6 13. Nc3 Nbd7 14. f3 exf3
15. Qxf3 Bd6 16. O-O Qb8 17. Rab1 Re8 18. b4 Nb6 19. b5 c5 20. a4 Qc7 21. Qf5
cxd4 22. exd4 Qc4 23. Qf2 Qd3 24. Rbd1 Qc4 25. Rc1 Qd3 26. Rcd1 Qg6 27. Qf5 Bb4
28. Qxg6 hxg6 29. Nxd5 Nfxd5 30. Bxb4 Nxb4 31. Bxa8 Rxa8 32. Ra1 Rxa4 33. Rxa4
Nxa4 34. Ra1 Nb6 35. h4 Kf8 36. Ra7 Ke8 37. Kg2 N4d5 38. Kf3 Nc8 39. Rb7 Nd6
40. Rb8+ Kd7 41. b6 Kc6 42. Kg4 Nxb6 43. Rg8 Nf5 44. Kg5 Nxd4 45. Rxg7 Ne6+ 46.
Kf6 Nxg7 47. Kxf7 Ne6 48. Kxe6 1/2-1/2

[Event "Aeroflot Open A 2019"]
[Site "Moscow RUS"]
[Date "2019.02.24"]
[Round "6"]
[White "Wang, Hao"]
[Black "Svane, Rasmus"]
[Result "1-0"]
[WhiteElo "2714"]
[BlackElo "2599"]
[PlyCount "79"]
[EventDate "2019.02.20"]

1. c4 c6 2. Nf3 d5 3. d4 Nf6 4. e3 Bf5 5. Nc3 a6 6. Nh4 Bg4 7. Qc2 e6 8. h3 Bh5
9. c5 Nfd7 10. Nf3 b6 11. cxb6 Nxb6 12. Na4 Nxa4 13. Qxa4 Qb6 14. Bd3 Bb4+ 15.
Ke2 Nd7 16. a3 Bd6 17. Bd2 e5 18. g4 Bg6 19. Bxg6 hxg6 20. dxe5 Nxe5 21. Rac1
Rc8 22. Bc3 f6 23. Rhd1 Ke7 24. Bxe5 fxe5 25. b4 Qb7 26. Ng5 e4 27. Qc2 Qb5+
28. Ke1 a5 29. Qc3 Rhg8 30. bxa5 Bc7 31. Qb4+ Qxb4+ 32. axb4 Bd6 33. b5 cxb5
34. Rxc8 Rxc8 35. Rxd5 Rb8 36. a6 b4 37. Nxe4 b3 38. a7 Bb4+ 39. Ke2 Ra8 40.
Rb5 1-0

[Event "Aeroflot Open A 2019"]
[Site "Moscow RUS"]
[Date "2019.02.24"]
[Round "6"]
[White "Dubov, Daniil"]
[Black "Donchenko, Alexander"]
[Result "1/2-1/2"]
[WhiteElo "2703"]
[BlackElo "2600"]
[PlyCount "58"]
[EventDate "2019.02.20"]

1. c4 c5 2. Nf3 Nf6 3. Nc3 e6 4. e3 b6 5. d4 cxd4 6. exd4 Bb7 7. a3 d5 8. Bg5
Be7 9. Bxf6 Bxf6 10. cxd5 Bxd5 11. Nxd5 Qxd5 12. Qa4+ Nd7 13. Bb5 Rd8 14. O-O
O-O 15. Rac1 Nb8 16. Rc7 a6 17. Bd3 g6 18. Qc2 Bxd4 19. Be4 Qa5 20. Rd1 Bf6 21.
Rxd8 Rxd8 22. g4 b5 23. Rb7 Qa4 24. Qxa4 bxa4 25. g5 Bg7 26. Kg2 Nd7 27. Bc2
Nc5 28. Rb4 Rd5 29. Bxa4 Nxa4 1/2-1/2

[Event "Aeroflot Open A 2019"]
[Site "Moscow RUS"]
[Date "2019.02.24"]
[Round "6"]
[White "Petrosian, Tigran L"]
[Black "Kovalev, Vladislav"]
[Result "1-0"]
[WhiteElo "2595"]
[BlackElo "2703"]
[PlyCount "129"]
[EventDate "2019.02.20"]

1. d4 Nf6 2. Nf3 e6 3. c4 d5 4. Nc3 dxc4 5. g3 c5 6. Qa4+ Bd7 7. Qxc4 Bc6 8.
dxc5 Nbd7 9. Be3 Nd5 10. Bd4 Rc8 11. Bg2 Nxc5 12. Bxc5 Bd7 13. Qd4 Rxc5 14. O-O
Nxc3 15. bxc3 Qc7 16. Rfd1 b6 17. Nd2 Qe5 18. Qd3 Qxc3 19. Qa6 Ra5 20. Qb7 Qc8
21. Qxc8+ Bxc8 22. Nb3 Re5 23. Bc6+ Ke7 24. e4 g5 25. Rac1 Kf6 26. Rd8 Bg7 27.
Rxh8 Bxh8 28. f4 gxf4 29. gxf4 Rh5 30. e5+ Kf5 31. Bf3 Rh4 32. Rxc8 Kxf4 33.
Rc4+ Kg5 34. Rxh4 Kxh4 35. Nd4 Bxe5 36. Nc6 Bf6 37. Nxa7 Bd4+ 38. Kg2 f5 39.
Nc6 Bc3 40. Nd8 e5 41. Ne6 e4 42. Be2 Be5 43. Bb5 Kg4 44. h3+ Kh5 45. Be8+ Kh4
46. a4 Bd6 47. Bd7 Be5 48. Nf8 Kg5 49. Nxh7+ Kg6 50. Nf8+ Kf6 51. h4 Bd4 52.
Ne6 Be3 53. Kg3 Ke7 54. Bc8 Kf6 55. Nf8 Ke5 56. Nd7+ Kd6 57. Nf6 Ke5 58. Ng8
f4+ 59. Kg4 f3 60. Ba6 Bc5 61. Nh6 Bf8 62. Nf5 Bc5 63. h5 e3 64. h6 Be7 65.
Nxe3 1-0

[Event "Aeroflot Open A 2019"]
[Site "Moscow RUS"]
[Date "2019.02.24"]
[Round "6"]
[White "Narayanan, S.L."]
[Black "Mamedov, Rauf"]
[Result "1-0"]
[WhiteElo "2593"]
[BlackElo "2703"]
[PlyCount "69"]
[EventDate "2019.02.20"]

1. e4 c5 2. Nf3 Nc6 3. d4 cxd4 4. Nxd4 g6 5. c4 Nf6 6. Nc3 d6 7. Be2 Nxd4 8.
Qxd4 Bg7 9. Be3 O-O 10. Qd2 a5 11. O-O a4 12. f3 Be6 13. Nb5 Nd7 14. Rab1 Ne5
15. Rfc1 Nc6 16. Bf1 Qd7 17. Nc3 Ne5 18. Nd5 Bxd5 19. cxd5 f5 20. Qb4 fxe4 21.
Qxe4 Kh8 22. h3 e6 23. Rd1 Ra5 24. Bf2 Qf7 25. dxe6 Qxe6 26. f4 Qf6 27. Bb6 d5
28. Qe3 d4 29. Qxd4 Qf5 30. fxe5 Rxe5 31. Qd7 Qf4 32. Bd4 Bf6 33. Qg4 Qh6 34.
Bxe5 Bxe5 35. Re1 1-0

[Event "Aeroflot Open A 2019"]
[Site "Moscow RUS"]
[Date "2019.02.25"]
[Round "7"]
[White "Deac, Bogdan-Daniel"]
[Black "Wang, Hao"]
[Result "1/2-1/2"]
[WhiteElo "2603"]
[BlackElo "2714"]
[PlyCount "59"]
[EventDate "2019.02.20"]

1. Nf3 d5 2. d4 Nf6 3. c4 e6 4. g3 Be7 5. Bg2 O-O 6. O-O dxc4 7. Ne5 Nc6 8.
Bxc6 bxc6 9. Nxc6 Qe8 10. Nxe7+ Qxe7 11. Na3 c5 12. dxc5 Qxc5 13. Be3 Qh5 14.
f3 c3 15. bxc3 Qa5 16. Qc1 Ba6 17. c4 Rac8 18. Rd1 Nd5 19. Rd3 Nxe3 20. Rxe3
Bxc4 21. Nxc4 Qc5 22. Rb1 Qxc4 23. Qxc4 Rxc4 24. Rb7 Ra4 25. a3 g5 26. Kf2 h6
27. Rc3 Kg7 28. Rcc7 Rxa3 29. Rxa7 Rxa7 30. Rxa7 1/2-1/2

[Event "Aeroflot Open A 2019"]
[Site "Moscow RUS"]
[Date "2019.02.25"]
[Round "7"]
[White "Fedoseev, Vladimir3"]
[Black "Vaibhav, Suri"]
[Result "1/2-1/2"]
[WhiteElo "2715"]
[BlackElo "2575"]
[PlyCount "98"]
[EventDate "2019.02.20"]

1. d4 Nf6 2. Bg5 e6 3. Nd2 c5 4. e3 cxd4 5. exd4 Be7 6. Ngf3 b6 7. Bd3 Bb7 8.
O-O Nc6 9. c3 O-O 10. Re1 Nd5 11. Ne4 Bxg5 12. Nexg5 Nf6 13. Qc2 h6 14. Nh7
Nxh7 15. Bxh7+ Kh8 16. Be4 Qc7 17. Qd1 Ne7 18. Bc2 Nd5 19. Qd3 g6 20. Ne5 d6
21. Ng4 h5 22. Ne3 Nf6 23. a4 a6 24. Qc4 Rac8 25. Qxc7 Rxc7 26. Bd3 Rfc8 27.
Red1 Kg7 28. f3 h4 29. Kf2 Nd7 30. g4 hxg3+ 31. hxg3 Nf6 32. g4 a5 33. Rh1 Nd5
34. g5 Nxe3 35. Kxe3 Rh8 36. Rxh8 Kxh8 37. Ra3 Bd5 38. Ba6 Ra7 39. Bb5 Rc7 40.
b4 Kg7 41. f4 f6 42. Kd2 Kf7 43. Ra1 Rc8 44. Rg1 Rh8 45. Rg3 Rh2+ 46. Ke1 Rh1+
47. Ke2 Rh2+ 48. Ke1 Rh1+ 49. Ke2 Rh2+ 1/2-1/2

[Event "Aeroflot Open A 2019"]
[Site "Moscow RUS"]
[Date "2019.02.25"]
[Round "7"]
[White "Jumabayev, Rinat"]
[Black "Dubov, Daniil"]
[Result "1/2-1/2"]
[WhiteElo "2604"]
[BlackElo "2703"]
[PlyCount "87"]
[EventDate "2019.02.20"]

1. Nf3 d5 2. g3 c6 3. Bg2 Bg4 4. c4 Nf6 5. Ne5 Be6 6. cxd5 Bxd5 7. Nf3 c5 8.
O-O e6 9. b3 Be7 10. Bb2 O-O 11. d3 Nbd7 12. e3 Bc6 13. Qe2 Nd5 14. Na3 a5 15.
d4 a4 16. Rfd1 Re8 17. e4 N5f6 18. dxc5 Bxc5 19. Nd4 Qb8 20. Nc4 axb3 21. axb3
Rxa1 22. Rxa1 Rd8 23. Bc3 Nf8 24. Nxc6 bxc6 25. Rb1 Ng6 26. b4 Bd4 27. Qb2 e5
28. Na5 Qb6 29. Qc2 Bxc3 30. Qxc3 Ne7 31. Rc1 h5 32. Nc4 Qd4 33. Bf3 Nxe4 34.
Qxd4 Rxd4 35. Nxe5 Rxb4 36. Rd1 Ng5 37. Rd8+ Kh7 38. Bxh5 g6 39. Rd7 gxh5 40.
Rxe7 h4 41. f4 Rb1+ 42. Kf2 Rb2+ 43. Ke3 hxg3 44. hxg3 1/2-1/2

[Event "Aeroflot Open A 2019"]
[Site "Moscow RUS"]
[Date "2019.02.25"]
[Round "7"]
[White "Mamedov, Rauf"]
[Black "Abdusattorov, Nodirbek"]
[Result "1/2-1/2"]
[WhiteElo "2703"]
[BlackElo "2560"]
[PlyCount "128"]
[EventDate "2019.02.20"]

1. e4 e5 2. Nf3 Nc6 3. Nc3 Nf6 4. Bb5 Bc5 5. Nxe5 Nxe5 6. d4 Bd6 7. f4 Neg4 8.
e5 Bb4 9. O-O O-O 10. f5 Re8 11. exf6 Nxf6 12. Qf3 c6 13. Bd3 d5 14. Bg5 Qd6
15. Bf4 Qf8 16. g4 Bxc3 17. bxc3 Ne4 18. c4 Bd7 19. a4 b6 20. a5 Qb4 21. Kh1
Qb2 22. Be3 Qc3 23. axb6 axb6 24. Rxa8 Rxa8 25. Qf4 Be8 26. g5 Qb4 27. f6 Qd6
28. Qh4 Qe6 29. fxg7 Bd7 30. Qf4 Re8 31. cxd5 cxd5 32. Qf3 Re7 33. Bf4 Qh3 34.
Be5 Qxf3+ 35. Rxf3 Nxg5 36. Rf6 Re6 37. Rf4 Ne4 38. c4 Bc6 39. Kg1 dxc4 40.
Bxe4 Bxe4 41. Rxe4 f6 42. d5 Re8 43. d6 fxe5 44. Rxc4 Kxg7 45. Rc6 Rd8 46. Rxb6
Rd7 47. Kf2 Kf6 48. Ke3 Ke6 49. Ke4 Rxd6 50. Rb4 Kf6 51. Ra4 Rc6 52. Rb4 Ra6
53. Rc4 Ke6 54. Rb4 Kf6 55. Rc4 Ra2 56. Rc6+ Kg5 57. h4+ Kxh4 58. Rh6+ Kg4 59.
Rxh7 Re2+ 60. Kd3 Re1 61. Kd2 Re4 62. Kd3 Re1 63. Kd2 Re4 64. Kd3 Re1 1/2-1/2

[Event "Aeroflot Open A 2019"]
[Site "Moscow RUS"]
[Date "2019.02.26"]
[Round "8"]
[White "Chigaev, Maksim"]
[Black "Wei, Yi"]
[Result "1/2-1/2"]
[WhiteElo "2613"]
[BlackElo "2733"]
[PlyCount "59"]
[EventDate "2019.02.20"]

1. e4 c5 2. Nc3 Nc6 3. Bb5 Nd4 4. Nf3 g6 5. Ba4 Bg7 6. O-O a6 7. Nxd4 cxd4 8.
Ne2 e6 9. d3 Ne7 10. Bf4 b5 11. Bb3 d5 12. f3 e5 13. Bg5 f6 14. Bd2 Bb7 15. a4
O-O 16. axb5 axb5 17. Bb4 Kh8 18. Rxa8 Bxa8 19. Qa1 Re8 20. Qa6 Qd7 21. Ra1 Bb7
22. Qd6 Qxd6 23. Bxd6 Nc8 24. Bc5 dxe4 25. fxe4 Bf8 26. Bxf8 Rxf8 27. c3 dxc3
28. Nxc3 Nd6 29. Ra5 Ra8 30. Rxa8+ 1/2-1/2

[Event "Aeroflot Open A 2019"]
[Site "Moscow RUS"]
[Date "2019.02.26"]
[Round "8"]
[White "Wang, Hao"]
[Black "Firouzja, Alireza"]
[Result "1-0"]
[WhiteElo "2714"]
[BlackElo "2618"]
[PlyCount "71"]
[EventDate "2019.02.20"]

1. d4 Nf6 2. c4 g6 3. Nc3 Bg7 4. e4 d6 5. Be2 O-O 6. Bg5 c5 7. d5 e6 8. Nf3 h6
9. Bh4 exd5 10. cxd5 g5 11. Bg3 Nh5 12. Nd2 Nxg3 13. hxg3 f5 14. Nc4 Na6 15.
exf5 Bxf5 16. O-O Nc7 17. Ne3 Bg6 18. Bd3 Qf6 19. Qc2 Bxd3 20. Qxd3 h5 21. Ne4
Qd4 22. Rad1 b5 23. Qxd4 Bxd4 24. Nxd6 Rad8 25. Ndf5 Bxb2 26. d6 Ne8 27. Rd5
Bd4 28. Nxd4 cxd4 29. Nf5 Nf6 30. Rxb5 d3 31. Rd1 Ne4 32. Rxd3 Rfe8 33. f3 Nf6
34. Rb7 Re1+ 35. Kf2 Ra1 36. Nh6+ 1-0

[Event "Aeroflot Open A 2019"]
[Site "Moscow RUS"]
[Date "2019.02.26"]
[Round "8"]
[White "Antipov, Mikhail Al"]
[Black "Fedoseev, Vladimir3"]
[Result "1/2-1/2"]
[WhiteElo "2589"]
[BlackElo "2715"]
[PlyCount "131"]
[EventDate "2019.02.20"]

1. c4 e6 2. Nf3 Nf6 3. e3 b6 4. Be2 Bb7 5. b3 g6 6. Bb2 Bg7 7. O-O O-O 8. d4 d5
9. Nc3 Nbd7 10. cxd5 exd5 11. b4 a6 12. a4 c6 13. b5 axb5 14. axb5 c5 15. Rxa8
Qxa8 16. Qb3 Re8 17. Ra1 Qb8 18. Bf1 c4 19. Qd1 Ng4 20. g3 f5 21. Bg2 Ngf6 22.
Ba3 Ne4 23. Nxe4 fxe4 24. Nd2 Qc7 25. Bb4 h5 26. Nb1 Bf8 27. Bxf8 Rxf8 28. Nc3
Nf6 29. Qe2 Qe7 30. f3 exf3 31. Bxf3 Re8 32. Ra7 Qxe3+ 33. Qxe3 Rxe3 34. Kf2
Rxc3 35. Rxb7 Rb3 36. Rxb6 Kf7 37. h3 Rd3 38. Rc6 Rxd4 39. b6 Rd2+ 40. Ke3 Rd3+
41. Ke2 Rb3 42. g4 hxg4 43. Bxg4 Ne4 44. Bf3 Nc3+ 45. Ke1 g5 46. Rh6 Rb2 47. h4
gxh4 48. b7 Kg7 49. Rxh4 Rxb7 50. Bxd5 Nxd5 51. Rxc4 Rb2 52. Rd4 Nc3 53. Rd3
Re2+ 54. Kf1 Rc2 55. Rd6 Kf7 56. Ra6 Ke7 57. Rg6 Nd5 58. Ra6 Nf4 59. Ke1 Ne6
60. Kd1 Rh2 61. Rc6 Nd4 62. Rc4 Nb3 63. Rc3 Rb2 64. Re3+ Kd6 65. Re2 Rxe2 66.
Kxe2 1/2-1/2

[Event "Aeroflot Open A 2019"]
[Site "Moscow RUS"]
[Date "2019.02.26"]
[Round "8"]
[White "Svane, Rasmus"]
[Black "Kovalev, Vladislav"]
[Result "0-1"]
[WhiteElo "2599"]
[BlackElo "2703"]
[PlyCount "98"]
[EventDate "2019.02.20"]

1. d4 Nf6 2. c4 g6 3. Nc3 Bg7 4. e4 d6 5. h3 O-O 6. Be3 c5 7. Nf3 cxd4 8. Nxd4
b6 9. Qd2 Bb7 10. f3 Nbd7 11. Bh6 e6 12. Bxg7 Kxg7 13. O-O-O d5 14. exd5 exd5
15. h4 h5 16. Qg5 Re8 17. Bd3 Ne5 18. Bc2 Nh7 19. Qxd8 Raxd8 20. cxd5 a6 21.
Rhe1 Nf6 22. Be4 Bxd5 23. Nxd5 Nxd5 24. Bxd5 Nd3+ 25. Rxd3 Rxe1+ 26. Kd2 Rg1
27. Bb7 Rxg2+ 28. Kc3 Kf6 29. Bxa6 Rh2 30. a4 Rxh4 31. b4 Rh1 32. a5 bxa5 33.
bxa5 Ra8 34. Bc4 Rxa5 35. Nc6 Ra3+ 36. Kd4 Rxd3+ 37. Bxd3 h4 38. Ne5 h3 39.
Ng4+ Kg5 40. Nf2 Rh2 41. Ke3 Kh4 42. f4 f5 43. Kf3 Rg2 44. Bc4 Rg3+ 45. Ke2 Rc3
46. Bf7 Kg3 47. Nh1+ Kxf4 48. Bxg6 Rc2+ 49. Kd3 Rh2 0-1

[Event "Aeroflot Open A 2019"]
[Site "Moscow RUS"]
[Date "2019.02.26"]
[Round "8"]
[White "Santos Ruiz, Miguel"]
[Black "Mamedov, Rauf"]
[Result "1/2-1/2"]
[WhiteElo "2554"]
[BlackElo "2703"]
[PlyCount "69"]
[EventDate "2019.02.20"]

1. d4 Nf6 2. c4 g6 3. Nc3 Bg7 4. e4 d6 5. f3 O-O 6. Be3 c5 7. Nge2 Nc6 8. d5
Ne5 9. Ng3 e6 10. Be2 exd5 11. cxd5 a6 12. O-O b5 13. Qd2 Re8 14. Bh6 Bxh6 15.
Qxh6 Kh8 16. Qd2 Ng8 17. f4 Nd7 18. Rae1 Bb7 19. Bg4 Nb6 20. b3 Qf6 21. e5 Qh4
22. Bf3 dxe5 23. fxe5 Qd4+ 24. Qxd4 cxd4 25. Nce4 Rxe5 26. Nd6 Rxe1 27. Rxe1
Bxd5 28. Bxd5 Nxd5 29. Nxf7+ Kg7 30. Ng5 d3 31. Ne6+ Kf7 32. Nc5 Nb4 33. Nge4
Kg7 34. a3 Nc2 35. Rd1 1/2-1/2

[Event "Aeroflot Open A 2019"]
[Site "Moscow RUS"]
[Date "2019.02.27"]
[Round "9"]
[White "Sasikiran, Krishnan"]
[Black "Wang, Hao"]
[Result "1/2-1/2"]
[WhiteElo "2678"]
[BlackElo "2714"]
[PlyCount "53"]
[EventDate "2019.02.20"]

1. e4 e5 2. Nf3 Nc6 3. Bb5 Nf6 4. O-O Nxe4 5. Re1 Nd6 6. Nxe5 Be7 7. Bf1 Nxe5
8. Rxe5 O-O 9. d4 Bf6 10. Re1 Re8 11. c3 Rxe1 12. Qxe1 Ne8 13. Bf4 d5 14. Nd2
Nd6 15. Qe3 Nf5 16. Qe2 c6 17. Re1 Be6 18. Nf3 Nh4 19. Ne5 Ng6 20. Nd3 Nxf4 21.
Nxf4 Bd7 22. Nh5 g6 23. Nxf6+ Qxf6 24. Qd1 Qd6 25. Qa4 a5 26. Qb3 b5 27. Qd1
1/2-1/2

[Event "Aeroflot Open A 2019"]
[Site "Moscow RUS"]
[Date "2019.02.27"]
[Round "9"]
[White "Mamedov, Rauf"]
[Black "Lalith, Babu M R"]
[Result "1-0"]
[WhiteElo "2703"]
[BlackElo "2556"]
[PlyCount "63"]
[EventDate "2019.02.20"]

1. e4 e5 2. Nf3 Nc6 3. Bc4 Bc5 4. c3 Nf6 5. d3 a6 6. Bb3 d6 7. Nbd2 h6 8. Nf1
Ne7 9. Ng3 Ng6 10. O-O O-O 11. d4 Bb6 12. h3 exd4 13. cxd4 d5 14. e5 Ne4 15.
Be3 Nh4 16. Nxh4 Qxh4 17. Bxd5 Nxg3 18. fxg3 Qxg3 19. Rf3 Qg6 20. Qe1 c6 21.
Rg3 Qh7 22. Bb3 h5 23. Qb4 Bc7 24. Rf1 Be6 25. Qxb7 Bxb3 26. axb3 Rac8 27. Qxa6
Qe4 28. Qe2 g6 29. Rf4 Qb1+ 30. Kh2 Ra8 31. Qxh5 Ra1 32. Bc1 1-0

[Event "Bundesliga 2018-19"]
[Site "Berlin GER"]
[Date "2019.03.01"]
[Round "9"]
[White "Aronian, Levon"]
[Black "Meier, Georg"]
[Result "1-0"]
[WhiteElo "2765"]
[BlackElo "2622"]
[PlyCount "47"]
[EventDate "2018.11.24"]
[EventType "team"]
[WhiteTeam "OSG Baden-Baden"]
[BlackTeam "SF Deizisau"]

1. e4 e6 2. d4 d5 3. Nc3 dxe4 4. Nxe4 Nd7 5. Nf3 Ngf6 6. Nxf6+ Nxf6 7. c3 c5 8.
Bf4 a6 9. Be2 Bd6 10. Ne5 Qc7 11. Bf3 Nd7 12. O-O Nxe5 13. dxe5 Bxe5 14. Qa4+
b5 15. Bxe5 Qxe5 16. Qa5 Ra7 17. Bc6+ Ke7 18. Qb6 Rc7 19. Rad1 Rd8 20. f4 Qe3+
21. Kh1 Rdd7 22. Bxd7 Rxd7 23. Rxd7+ Bxd7 24. Rd1 1-0

[Event "Bundesliga 2018-19"]
[Site "Berlin GER"]
[Date "2019.03.01"]
[Round "9"]
[White "Nielsen, Peter Heine"]
[Black "Svidler, Peter"]
[Result "1/2-1/2"]
[WhiteElo "2635"]
[BlackElo "2736"]
[PlyCount "40"]
[EventDate "2018.11.24"]
[EventType "team"]
[WhiteTeam "SF Deizisau"]
[BlackTeam "OSG Baden-Baden"]

1. d4 Nf6 2. c4 g6 3. Nf3 Bg7 4. g3 c6 5. Bg2 d5 6. cxd5 cxd5 7. Ne5 O-O 8. Nc3
Bf5 9. O-O Ne4 10. Bf4 Nc6 11. Rc1 Nxc3 12. Rxc3 Qb6 13. Bxd5 Qxb2 14. Nxc6
bxc6 15. Rxc6 Rad8 16. Qb3 Bxd4 17. Bh6 Qxb3 18. Bxb3 Rfe8 19. Rd1 Bb6 20. Rxd8
Rxd8 1/2-1/2

[Event "Bundesliga 2018-19"]
[Site "Berlin GER"]
[Date "2019.03.02"]
[Round "10"]
[White "Vitiugov, Nikita"]
[Black "Vachier-Lagrave, Maxime"]
[Result "1/2-1/2"]
[WhiteElo "2709"]
[BlackElo "2778"]
[PlyCount "105"]
[EventDate "2018.11.24"]
[EventType "team"]
[WhiteTeam "SV 1930 Hockenheim"]
[BlackTeam "OSG Baden-Baden"]

1. e4 c5 2. Nf3 d6 3. d4 cxd4 4. Nxd4 Nf6 5. Nc3 a6 6. a4 g6 7. Be2 Bg7 8. O-O
O-O 9. Be3 Nc6 10. Qd2 Rb8 11. h3 Bd7 12. Rfd1 Rc8 13. Nxc6 Bxc6 14. f3 Qd7 15.
a5 Qe6 16. Bd4 Nh5 17. Bxg7 Kxg7 18. f4 f5 19. Re1 Nf6 20. exf5 Qxf5 21. Bd3
Qc5+ 22. Qe3 Qb4 23. Qxe7+ Rf7 24. Qe3 Qxb2 25. Na4 Bxa4 26. Rxa4 Nd5 27. Qe6
Re7 28. Qxc8 Rxe1+ 29. Kh2 Re7 30. Re4 Qf6 31. g3 Rc7 32. Qb8 Qc3 33. Qd8 Qf6
34. Re8 Re7 35. Rg8+ Kh6 36. Qf8+ Qxf8 37. Rxf8 Kg7 38. Rd8 Nb4 39. Rxd6 Nxc2
40. g4 Nb4 41. Bc4 Re4 42. Rd7+ Kh8 43. Rc7 Rxf4 44. Kg3 g5 45. Be6 h5 46. h4
Rf6 47. Re7 gxh4+ 48. Kxh4 Nc6 49. Kg5 Rf8 50. Rc7 hxg4 51. Kxg4 Nxa5 52. Kg5
Nc6 53. Rxb7 1/2-1/2

[Event "Bundesliga 2018-19"]
[Site "Berlin GER"]
[Date "2019.03.02"]
[Round "10"]
[White "Anand, Viswanathan"]
[Black "Cheparinov, Ivan"]
[Result "1/2-1/2"]
[WhiteElo "2773"]
[BlackElo "2711"]
[PlyCount "81"]
[EventDate "2018.11.24"]
[EventType "team"]
[WhiteTeam "OSG Baden-Baden"]
[BlackTeam "SV 1930 Hockenheim"]

1. e4 e5 2. Nf3 Nc6 3. Bb5 Nf6 4. d3 Bc5 5. Bxc6 dxc6 6. O-O Qe7 7. Nbd2 Bg4 8.
h3 Bh5 9. a3 Nd7 10. b4 Bd6 11. g4 Bg6 12. Nc4 h5 13. Kg2 O-O-O 14. Be3 hxg4
15. hxg4 Nf6 16. Nfd2 Rh7 17. Qe2 Rdh8 18. Rh1 Nd7 19. Rxh7 Rxh7 20. Rh1 Rxh1
21. Kxh1 b6 22. Nf3 Qe6 23. Nh4 Qf6 24. g5 Qe6 25. Nxg6 Qh3+ 26. Kg1 fxg6 27.
f3 c5 28. b5 Qg3+ 29. Kf1 Nf8 30. Qg2 Qh4 31. Ke2 Ne6 32. a4 Kd7 33. c3 Ke7 34.
Kd2 Kf7 35. Kc2 Ke7 36. Bd2 Kd7 37. a5 Ke7 38. Qg1 Qh5 39. Qg2 Qh4 40. Qf1 Nxg5
41. Bxg5+ 1/2-1/2